000 00656nam a2200301Ia 4500
005 20260401122434.0
008 008 250103s9999 xx 000 0 eng d
020 _a9781781681572
037 _aTB
040 _aEDL
040 _beng
040 _cEDL
041 _2eng
041 _aeng
084 _a335.41JAM
084 _qEDL
100 _aJameson, Fredric
245 0 _aRepresenting Capital: A reading of volume One
245 0 _cJameson, Fredric
260 _aLondon
260 _bVerso
260 _c2014
300 _a158p
942 _cTB
942 _h335.41JAM
999 _c1847297
_d1847297